[Event "ch-NED w 2013"]
[Site "Amsterdam NED"]
[Date "2013.07.05"]
[Round "1.1"]
[White "Bensdorp, Marlies"]
[Black "Peng, Zhaoqin"]
[Result "1/2-1/2"]
[WhiteTitle "WIM"]
[BlackTitle "GM"]
[WhiteElo "2263"]
[BlackElo "2389"]
[WhiteFideId "1009311"]
[BlackFideId "1004786"]
[EventDate "2013.07.05"]

1. c4 c5 2. g3 Nc6 3. Bg2 g6 4. Nc3 Bg7 5. Nf3 e5 6. d3 Nge7 7. Nd2 d6 8. Nf1
O-O 9. Ne3 a6 10. Ned5 Rb8 11. a4 f5 12. O-O Be6 13. Rb1 Kh8 14. Bd2 a5 15. Nb5
Bxd5 16. cxd5 Nb4 17. Qb3 Qd7 18. Rbc1 b6 19. e3 g5 20. Bxb4 axb4 21. e4 f4 22.
f3 h5 23. Qd1 fxg3 24. hxg3 Ng6 25. f4 g4 26. f5 Ne7 27. Ra1 Ng8 28. Kf2 Bh6 29.
Rh1 Nf6 30. Qe2 Kg8 31. Rh2 Rf7 32. Rah1 Rg7 33. b3 Kf7 34. Ke1 Bg5 35. Bf1 Rh8
36. Kd1 Qe7 37. Kc2 h4 38. gxh4 Bf4 39. Rg2 Rgh7 40. Qe1 g3 41. Be2 Rxh4 42.
Rxh4 Rxh4 43. Rxg3 Bxg3 44. Qxg3 Rh6 45. Qg5 Ng8 46. Qg3 Kf8 47. Qg4 Rh2 48. Kd1
Rh4 49. Qg6 Rh6 50. Qg4 Nf6 51. Qg5 Rh1+ 52. Kc2 Nxd5 53. Qxe7+ Nxe7 54. Nxd6
Nc6 55. Bd1 Nd4+ 56. Kd2 Rh2+ 57. Kc1 Rh3 58. Kd2 Rh2+ 59. Kc1 b5 60. axb5 Ke7
61. Nc8+ Kd8 62. Nd6 Kc7 63. Nc4 Nxb5 64. Nxe5 Nc3 65. Bg4 Rg2 66. f6 Rf2 67.
Bf5 Kd8 68. f7 Ke7 69. Bg6 Ne2+ 70. Kd1 Nd4 71. Bh5 Rf1+ 72. Kd2 Nxb3+ 73. Ke2
Rf6 74. f8=Q+ Kxf8 75. Nd7+ Ke7 76. Nxf6 Kxf6 77. Kd1 Ke5 78. Bf7 Nd4 79. Kd2
Kf4 80. Bd5 Nf3+ 81. Ke2 Ne5 82. Be6 Nc6 83. Bd5 Nd4+ 84. Kd2 Kf3 85. Bf7 Kf2
86. Bh5 Nc6 87. Bf7 Ne5 88. Bh5 Nc6 89. Bf7 Kf3 90. Bh5+ Kf4 91. Be8 Ne5 92. Bh5
Nc6 93. Be8 Nd4 94. Bf7 Nf3+ 95. Ke2 b3 96. Kd1 Ke3 97. Bxb3 Kxd3 98. Bc2+ Kc3
99. Bb1 Ne5 100. Ba2 Kd3 101. Bd5 Nf3 102. Kc1 Ng5 103. e5 1/2-1/2

[Event "ch-NED w 2013"]
[Site "Amsterdam NED"]
[Date "2013.07.05"]
[Round "1.2"]
[White "Lanchava, Tea"]
[Black "Haast, Anne"]
[Result "1/2-1/2"]
[WhiteTitle "IM"]
[BlackTitle "WIM"]
[WhiteElo "2287"]
[BlackElo "2277"]
[WhiteFideId "1005308"]
[BlackFideId "1017292"]
[EventDate "2013.07.05"]

1. c4 e5 2. Nc3 Nf6 3. Nf3 Nc6 4. e3 Bb4 5. Qb3 Bxc3 6. bxc3 e4 7. Ng1 d6 8. Be2
O-O 9. f3 h5 10. fxe4 Nxe4 11. Nf3 Bg4 12. Qxb7 Qd7 13. O-O Rab8 14. Qa6 h4 15.
d4 h3 16. g3 Nxc3 17. Bd3 Bxf3 18. Rxf3 Nb4 19. Qa5 Qg4 20. Qf5 Qxf5 21. Bxf5 g6
22. Bd2 Nbxa2 23. Bxh3 Rb2 24. Bxc3 Nxc3 25. Rxa7 Ne4 26. Bf1 Ng5 27. Rf2 Rfb8
28. Rxc7 Rxf2 29. Kxf2 Rb2+ 30. Be2 Ne4+ 31. Kf3 Ng5+ 32. Kg4 Ne6 33. Rc8+ Kg7
34. Kf3 Ng5+ 35. Kg4 Ne6 36. Bd3 Rb3 37. Bf1 Rxe3 38. d5 f5+ 39. Kh3 Ng5+ 40.
Kg2 Ne4 41. Re8 Rc3 42. Re7+ Kf6 43. Re6+ Kf7 44. g4 Rc2+ 45. Kg1 Ng5 46. Re2
Nh3+ 47. Kh1 Nf2+ 48. Kg1 Nh3+ 49. Kh1 Nf2+ 50. Kg1 1/2-1/2

[Event "ch-NED w 2013"]
[Site "Amsterdam NED"]
[Date "2013.07.05"]
[Round "1.3"]
[White "Van Weersel, Arlette"]
[Black "Paulet, Iozefina"]
[Result "1/2-1/2"]
[WhiteTitle "WIM"]
[BlackTitle "WGM"]
[WhiteElo "2176"]
[BlackElo "2228"]
[WhiteFideId "1009877"]
[BlackFideId "1213261"]
[EventDate "2013.07.05"]

1. e4 e6 2. d4 d5 3. Nc3 Nf6 4. e5 Nfd7 5. f4 c5 6. Nf3 Nc6 7. Be3 a6 8. Qd2 b5
9. dxc5 Bxc5 10. Bd3 d4 11. Nxd4 Nxd4 12. Ne4 O-O 13. Nxc5 Nxc5 14. Bxd4 Nxd3+
15. Qxd3 Qd5 16. O-O Bb7 17. Rf3 Rac8 18. c3 b4 19. Rg3 bxc3 20. bxc3 g6 21. Qd2
Rc4 22. Rf1 Ra4 23. Rf2 Qe4 24. Re3 Qb1+ 25. Re1 Qb5 26. f5 exf5 27. Qh6 Qd7 28.
Be3 Re4 29. Ref1 Qe6 30. Bd4 Bd5 31. Rb2 Bc6 32. h3 Rd8 33. Rfb1 Re8 34. Rd1 Ba4
35. Rdb1 Bc6 36. Qd2 Bb5 37. Re1 Rxe1+ 38. Qxe1 f6 39. a4 1/2-1/2

[Event "ch-NED w 2013"]
[Site "Amsterdam NED"]
[Date "2013.07.05"]
[Round "1.4"]
[White "Middelveld, Martine"]
[Black "Schut, Lisa"]
[Result "1/2-1/2"]
[BlackTitle "WIM"]
[WhiteElo "2130"]
[BlackElo "2277"]
[WhiteFideId "1016555"]
[BlackFideId "1019481"]
[EventDate "2013.07.05"]

1. d4 Nf6 2. c4 g6 3. f3 e6 4. e4 d5 5. e5 Nh5 6. Be3 c5 7. cxd5 exd5 8. Nc3 Nc6
9. Bb5 a6 10. Bxc6+ bxc6 11. dxc5 Qh4+ 12. g3 Qb4 13. Qa4 Qxa4 14. Nxa4 Rb8 15.
Nb6 Ng7 16. b4 Nf5 17. Bf2 Bg7 18. f4 O-O 19. Nf3 f6 20. O-O fxe5 21. Nxe5 Bxe5
22. fxe5 Be6 23. a4 d4 24. g4 Ne7 25. h3 d3 26. Rad1 Nd5 27. Nxd5 Bxd5 28. Be1
Rxf1+ 29. Kxf1 Rf8+ 30. Bf2 Rf3 31. h4 Rf4 32. b5 cxb5 33. axb5 axb5 34. c6 Bc4
35. c7 Rf8 36. Ke1 Rc8 37. Bb6 Kf7 38. Kd2 Ke6 39. Re1 Ra8 40. Ra1 Re8 41. Re1
Kd7 42. e6+ Bxe6 43. Kxd3 Bf5+ 44. Kd2 Rxe1 45. Kxe1 Bxg4 46. Kd2 Kc6 47. Ba5
Bf5 48. Kc3 h6 49. Kd4 g5 50. hxg5 hxg5 51. Bd2 g4 52. Bf4 Be6 53. Kc3 Kc5 54.
Be3+ Kd5 55. Kb4 Ke4 56. Bg1 Bd7 57. c8=Q Bxc8 58. Kxb5 1/2-1/2

[Event "ch-NED w 2013"]
[Site "Amsterdam NED"]
[Date "2013.07.06"]
[Round "2.1"]
[White "Schut, Lisa"]
[Black "Peng, Zhaoqin"]
[Result "1-0"]
[WhiteTitle "WIM"]
[BlackTitle "GM"]
[WhiteElo "2277"]
[BlackElo "2389"]
[WhiteFideId "1019481"]
[BlackFideId "1004786"]
[EventDate "2013.07.05"]

1. e4 c5 2. Nf3 e6 3. d4 cxd4 4. Nxd4 a6 5. c4 Nf6 6. Nc3 Qc7 7. a3 b6 8. Be3
Bb7 9. f3 d6 10. Be2 Be7 11. Qd2 Nbd7 12. Rc1 O-O 13. O-O Rfc8 14. b4 Rab8 15.
Rfd1 Qd8 16. Bf1 Ne5 17. Na4 Nfd7 18. Qf2 Bh4 19. g3 Be7 20. Be2 d5 21. exd5
exd5 22. Nf5 Bf8 23. cxd5 Rxc1 24. Bxc1 Qf6 25. Ne3 b5 26. Nb2 Nb6 27. f4 Ned7
28. Bf3 Rc8 29. Nd3 Nc4 30. Bg4 Rc7 31. Nxc4 bxc4 32. Ne5 Bc8 33. Bb2 c3 34.
Bxc3 Rxc3 35. Bxd7 Bxd7 36. Nxd7 Qd6 37. Nxf8 Kxf8 38. Qd4 Rxa3 39. Rc1 f6 40.
f5 Ra2 41. Rc8+ 1-0

[Event "ch-NED w 2013"]
[Site "Amsterdam NED"]
[Date "2013.07.06"]
[Round "2.2"]
[White "Paulet, Iozefina"]
[Black "Bensdorp, Marlies"]
[Result "1-0"]
[WhiteTitle "WGM"]
[BlackTitle "WIM"]
[WhiteElo "2228"]
[BlackElo "2263"]
[WhiteFideId "1213261"]
[BlackFideId "1009311"]
[EventDate "2013.07.05"]

1. e4 e5 2. Nf3 Nc6 3. Bb5 Nf6 4. d3 Ne7 5. O-O Ng6 6. d4 c6 7. dxe5 Nxe4 8. Bd3
d5 9. exd6 Nxd6 10. Ng5 Be7 11. Qh5 Nf8 12. Bf4 Ne6 13. Nxe6 Bxe6 14. Nc3 Qd7
15. Be2 Nf5 16. Rad1 Qc8 17. Ne4 g6 18. Qf3 O-O 19. Qc3 Bd5 20. Bf3 Bxe4 21.
Bxe4 Qe6 22. Rde1 Bf6 23. Qb4 Qd7 24. Rd1 Qc8 25. Rd3 Ng7 26. Bf3 Rd8 27. Rxd8+
Bxd8 28. h3 Bc7 29. Bg4 f5 30. Be2 Bxf4 31. Qxf4 Qd7 32. Rd1 Qe7 33. Bc4+ Kh8
34. Qd4 Re8 35. Qxa7 Qb4 36. b3 Qe7 37. a4 f4 38. Qd4 Qg5 39. Bf7 Rf8 40. Qd6
Rxf7 41. Qd8+ Qxd8 42. Rxd8+ Ne8 43. Rxe8+ Kg7 44. Kf1 Kf6 45. Ke2 Kf5 46. a5 g5
47. b4 Rd7 48. Rf8+ Ke4 49. c3 Ke5 50. Rc8 Kd5 51. Kd3 Ke5+ 52. Kc2 Kd5 53. Rg8
h6 54. Rg6 c5 55. bxc5 Kxc5 56. Rxh6 Kc4 57. a6 bxa6 58. Rxa6 Re7 59. Rc6+ Kd5
60. Rg6 Kc4 61. Kd2 Re5 62. Rc6+ Kd5 63. Ra6 Kc4 64. Ra4+ Kb5 65. Rd4 Kc5 66. h4
gxh4 67. Rxf4 Rg5 68. Rxh4 Rxg2 69. Ke2 Rg1 70. f4 Rg3 71. Rh8 Kd5 72. Rd8+ Ke4
73. Rd4+ Kf5 74. Kd2 Rf3 75. c4 Rh3 76. c5 Ke6 77. c6 Rh7 78. Ke3 Rc7 79. Rc4
Kd5 80. Rc1 Re7+ 81. Kf3 Rc7 82. Kg4 Ke6 83. f5+ Kf6 84. Kf4 Ke7 85. Ke5 Rc8 86.
f6+ Kf7 87. c7 Kf8 88. Ke4 1-0

[Event "ch-NED w 2013"]
[Site "Amsterdam NED"]
[Date "2013.07.06"]
[Round "2.3"]
[White "Haast, Anne"]
[Black "Van Weersel, Arlette"]
[Result "0-1"]
[WhiteTitle "WIM"]
[BlackTitle "WIM"]
[WhiteElo "2277"]
[BlackElo "2176"]
[WhiteFideId "1017292"]
[BlackFideId "1009877"]
[EventDate "2013.07.05"]

1. e4 e5 2. Nf3 Nc6 3. Bb5 a6 4. Ba4 Nf6 5. d3 d6 6. c3 b5 7. Bc2 Be7 8. O-O O-O
9. Re1 h6 10. Nbd2 Nh7 11. Nf1 Ng5 12. Nxg5 Bxg5 13. Ne3 Ne7 14. d4 Ng6 15. g3
Bh3 16. Qh5 Be6 17. h4 Bxe3 18. Bxe3 Qc8 19. Bd1 c5 20. f4 cxd4 21. cxd4 exd4
22. Bxd4 Qc4 23. Bf2 Qb4 24. b3 Bd7 25. Bc2 Rac8 26. Bd3 Rc3 27. Rad1 Qa5 28.
Bb1 Qc7 29. Kh2 Qc8 30. Rd3 Rxd3 31. Bxd3 Bg4 32. Qd5 Rd8 33. Qd4 Nf8 34. Qb2 d5
35. exd5 Rxd5 36. Be4 Rd6 37. Rc1 Qd8 38. Rc2 Bd1 39. Bc5 Bxc2 40. Bxd6 Bxe4 0-1

[Event "ch-NED w 2013"]
[Site "Amsterdam NED"]
[Date "2013.07.06"]
[Round "2.4"]
[White "Middelveld, Martine"]
[Black "Lanchava, Tea"]
[Result "0-1"]
[BlackTitle "IM"]
[WhiteElo "2130"]
[BlackElo "2287"]
[WhiteFideId "1016555"]
[BlackFideId "1005308"]
[EventDate "2013.07.05"]

1. d4 d6 2. c4 e5 3. Nf3 Nd7 4. Nc3 g6 5. e4 c6 6. g3 Bg7 7. Bg2 f6 8. O-O Nh6
9. b3 Nf7 10. dxe5 dxe5 11. Ba3 Bf8 12. Bb2 Be7 13. Qc2 Nc5 14. Rad1 Qb6 15. Ne2
a5 16. Bc3 O-O 17. Rd2 Re8 18. Ne1 Bf8 19. Kh1 f5 20. f3 Bg7 21. Nd3 Ne6 22. Qb2
Qc7 23. Nf2 c5 24. a3 Nd4 25. f4 Bh6 26. fxe5 Bxd2 27. Qxd2 Nxb3 28. Qb2 a4 29.
Nd3 Ng5 30. Ndf4 Ra6 31. Nd5 Qd8 32. Nf6+ Rxf6 33. exf6 Nxe4 34. Be5 Nbd2 35.
Bxe4 Nxe4 36. Nf4 Qd2 37. Nd5 Qxb2 38. Bxb2 Kf7 39. Ba1 Nd2 40. Nc7 Nxf1 0-1

[Event "ch-NED w 2013"]
[Site "Amsterdam NED"]
[Date "2013.07.07"]
[Round "3.1"]
[White "Lanchava, Tea"]
[Black "Schut, Lisa"]
[Result "0-1"]
[WhiteTitle "IM"]
[BlackTitle "WIM"]
[WhiteElo "2287"]
[BlackElo "2277"]
[WhiteFideId "1005308"]
[BlackFideId "1019481"]
[EventDate "2013.07.05"]

1. b3 e5 2. Bb2 Nc6 3. c4 Nf6 4. g3 d5 5. Bg2 d4 6. d3 Bb4+ 7. Nd2 O-O 8. a3
Bxd2+ 9. Qxd2 Bf5 10. f3 a5 11. Nh3 Nd7 12. Nf2 Nc5 13. Qc2 Ra6 14. Rb1 h5 15.
Bc1 Ne6 16. h4 Ne7 17. g4 Bg6 18. Nh3 Qd6 19. O-O Bh7 20. gxh5 Nf5 21. Ng5 Nf4
22. Bh3 Ne3 23. Bxe3 dxe3 24. Bg4 f5 25. Nxh7 Kxh7 26. d4 Qf6 27. Qxf5+ Qxf5 28.
Bxf5+ Rxf5 0-1

[Event "ch-NED w 2013"]
[Site "Amsterdam NED"]
[Date "2013.07.07"]
[Round "3.2"]
[White "Peng, Zhaoqin"]
[Black "Paulet, Iozefina"]
[Result "0-1"]
[WhiteTitle "GM"]
[BlackTitle "WGM"]
[WhiteElo "2389"]
[BlackElo "2228"]
[WhiteFideId "1004786"]
[BlackFideId "1213261"]
[EventDate "2013.07.05"]

1. d4 Nf6 2. c4 e6 3. Nf3 Bb4+ 4. Nbd2 b6 5. a3 Bxd2+ 6. Qxd2 Bb7 7. e3 O-O 8.
Be2 a5 9. b3 d6 10. Bb2 Ne4 11. Qc2 f5 12. O-O Nd7 13. Rad1 Rf6 14. d5 Rg6 15.
g3 Qe7 16. Ne1 Ndf6 17. Ng2 Rh6 18. Nf4 e5 19. Ng2 Rf8 20. f3 Nxg3 21. hxg3 Nh5
22. f4 Nxg3 23. Bf3 Rff6 24. fxe5 dxe5 25. Kf2 Rfg6 26. Rg1 Rh2 27. Ke1 f4 28.
e4 Bc8 29. Kd2 Bg4 30. Qd3 Nh5 31. Kc1 Bxf3 32. Qxf3 Rg3 33. Qf1 Qg5 34. Nxf4
Nxf4 35. Kb1 Rxg1 36. Qxg1 Rg2 37. Qe3 Rg3 38. Qc1 Rxb3 39. Qc2 a4 40. c5 bxc5
41. Qxc5 Nd3 42. Rxd3 Rxd3 43. Qxc7 h5 44. d6 Rd1+ 45. Ka2 Qf6 0-1

[Event "ch-NED w 2013"]
[Site "Amsterdam NED"]
[Date "2013.07.07"]
[Round "3.3"]
[White "Van Weersel, Arlette"]
[Black "Middelveld, Martine"]
[Result "1-0"]
[WhiteTitle "WIM"]
[WhiteElo "2176"]
[BlackElo "2130"]
[WhiteFideId "1009877"]
[BlackFideId "1016555"]
[EventDate "2013.07.05"]

1. e4 e6 2. d4 d5 3. Nc3 Nf6 4. e5 Nfd7 5. f4 c5 6. Nf3 Nc6 7. Be3 cxd4 8. Nxd4
Bc5 9. Qd2 O-O 10. O-O-O a6 11. Qf2 Bb4 12. Nb1 Nxd4 13. Bxd4 b5 14. Rd3 f6 15.
c3 fxe5 16. cxb4 exd4 17. Qxd4 Qc7+ 18. Qc3 Qxf4+ 19. Nd2 Bb7 20. Rf3 d4 21.
Rxf4 dxc3 22. Rxf8+ Rxf8 23. bxc3 Rf2 24. Rg1 e5 25. c4 e4 26. cxb5 axb5 27.
Bxb5 e3 28. Nf1 Nb6 29. Nxe3 Rxa2 30. Rd1 Ra1+ 31. Kd2 Rxd1+ 32. Kxd1 Kf7 33.
Kd2 Ke6 34. g3 Nc8 35. Bd3 g6 36. Nc4 Ba6 37. Na5 Bxd3 38. Kxd3 Kd5 39. Nc4 Na7
40. Ne3+ Kc6 41. Kc4 Nb5 42. Ng4 Nd6+ 43. Kd4 Kb5 44. Nf6 h6 45. Nd5 Nf7 46. Nf4
g5 47. Nd3 g4 48. Ne5 Ng5 49. Nxg4 h5 50. Ne5 Kxb4 51. Nd3+ Kb5 52. Ke3 Nh7 53.
Ke4 Kc4 54. Nf4 Ng5+ 55. Ke3 h4 56. gxh4 Nf7 57. Ke4 Nh6 58. h3 Kc5 59. Ke5 Kc6
60. Kf6 Kd6 61. h5 Ng8+ 62. Kg7 Ne7 63. h6 Nf5+ 64. Kg6 Ne7+ 65. Kf7 1-0

[Event "ch-NED w 2013"]
[Site "Amsterdam NED"]
[Date "2013.07.07"]
[Round "3.4"]
[White "Bensdorp, Marlies"]
[Black "Haast, Anne"]
[Result "0-1"]
[WhiteTitle "WIM"]
[BlackTitle "WIM"]
[WhiteElo "2263"]
[BlackElo "2277"]
[WhiteFideId "1009311"]
[BlackFideId "1017292"]
[EventDate "2013.07.05"]

1. d4 d5 2. c4 dxc4 3. Nf3 Nf6 4. e3 Bg4 5. Bxc4 e6 6. h3 Bh5 7. O-O Nbd7 8. Nc3
Bb4 9. Bd2 c5 10. Be2 O-O 11. a3 Bxc3 12. Bxc3 Nd5 13. Rc1 Rc8 14. Qb3 b6 15.
Rfd1 Qe7 16. Qa4 Rc7 17. Be1 Rfc8 18. Qa6 Nb8 19. Qd3 c4 20. Qc2 Bg6 21. e4 Nf6
22. Qa4 Bxe4 23. Nd2 Bc6 24. Qc2 b5 25. Nf1 Be4 26. Qd2 Nc6 27. Ng3 Bg6 28. Bf3
Nd5 29. a4 a6 30. axb5 axb5 31. Ra1 Ra7 32. Ne4 Rca8 33. Rxa7 Rxa7 34. Nc3 Nxc3
35. Qxc3 Qc7 36. d5 exd5 37. Bxd5 h6 38. Qe3 Ne7 39. Bf3 Ra6 40. Bc3 Bd3 41. Qd4
Nf5 42. Qd5 Qb8 43. Qc5 Nh4 44. Bd5 Rg6 45. Be5 Qe8 46. Ra1 Qxe5 47. Bxf7+ Kxf7
48. Qxe5 Nf3+ 0-1

[Event "ch-NED w 2013"]
[Site "Amsterdam NED"]
[Date "2013.07.08"]
[Round "4.1"]
[White "Lanchava, Tea"]
[Black "Van Weersel, Arlette"]
[Result "1/2-1/2"]
[WhiteTitle "IM"]
[BlackTitle "WIM"]
[WhiteElo "2287"]
[BlackElo "2176"]
[WhiteFideId "1005308"]
[BlackFideId "1009877"]
[EventDate "2013.07.05"]

1. d4 Nf6 2. c4 g6 3. Nc3 d5 4. e3 Bg7 5. Qb3 c6 6. Nf3 O-O 7. Bd2 dxc4 8. Bxc4
b5 9. Be2 Be6 10. Qc2 Na6 11. Rd1 Qb6 12. Qb1 Rac8 13. O-O Rfd8 14. e4 Qb7 15.
h3 c5 16. d5 Bd7 17. a4 b4 18. Nb5 Nb8 19. d6 Bxb5 20. axb5 exd6 21. Bc4 Nbd7
22. Rfe1 Nb6 23. Ba2 d5 24. e5 Ne8 25. Qc1 Bf8 26. Bg5 Rd7 27. e6 fxe6 28. Rxe6
Nc7 29. Ree1 Nxb5 30. Ne5 Rd6 31. Ng4 Qc6 32. Qf4 c4 33. Re7 Bxe7 34. Nh6+ Kh8
35. Bxe7 Re6 36. Qf7 Rxe7 37. Qxe7 Re8 38. Qxb4 Kg7 39. Ng4 a6 40. Qd2 Qe6 41.
Bb1 Kh8 42. Qg5 Qe7 43. Qh6 Qg7 44. Qh4 Qe7 45. Qh6 Qg7 46. Qg5 Qe7 47. Qf4 Rf8
48. Qh6 Qg7 49. Qh4 d4 50. Re1 d3 51. Re7 g5 52. Rxg7 gxh4 53. Rb7 Na4 54. Ne5
Nxb2 55. Nxc4 Nxc4 56. Bxd3 Ne5 57. Rxh7+ Kg8 58. Be4 Nc3 59. Rxh4 Ne2+ 60. Kf1
Ng3+ 61. Ke1 Nxe4 62. Rxe4 Nd3+ 63. Ke2 Rxf2+ 1/2-1/2

[Event "ch-NED w 2013"]
[Site "Amsterdam NED"]
[Date "2013.07.08"]
[Round "4.2"]
[White "Middelveld, Martine"]
[Black "Bensdorp, Marlies"]
[Result "1/2-1/2"]
[BlackTitle "WIM"]
[WhiteElo "2130"]
[BlackElo "2263"]
[WhiteFideId "1016555"]
[BlackFideId "1009311"]
[EventDate "2013.07.05"]

1. d4 e6 2. c4 f5 3. Nf3 Nf6 4. g3 c6 5. Bg2 d5 6. O-O Bd6 7. b3 Qe7 8. Bb2 O-O
9. Ne5 Bd7 10. Nd3 Be8 11. Nd2 Bh5 12. Nf3 Bxf3 13. exf3 b6 14. Re1 Nbd7 15. Re2
Rfe8 16. Qd2 Rac8 17. Rae1 Nf8 18. cxd5 cxd5 19. Rc1 Qb7 20. Ree1 N6d7 21. Bf1
Nb8 22. b4 a6 23. a3 h6 24. f4 Nc6 25. Rc2 Rc7 26. Rec1 Rec8 27. Qe2 Nb8 28. Qd2
Nbd7 29. Ne5 b5 30. Nd3 Rxc2 31. Rxc2 Rxc2 32. Qxc2 Nb6 33. Nc5 Qc8 34. Ba1 Be7
35. Qc3 Bf6 36. Qb3 Nc4 37. Bc3 Kf7 38. a4 Nd7 39. axb5 axb5 40. Nd3 Qa6 41.
Ne5+ Ke7 42. Nxd7 Kxd7 43. Bxc4 bxc4 44. Qb2 Kc6 45. Qe2 Kd7 46. Qb2 Qa4 47. Kg2
Be7 48. h3 Bd6 49. Kf1 Qd1+ 50. Kg2 Qa4 51. Kf1 Kc6 52. Be1 Qa6 53. Qe2 Kd7 54.
Bc3 Qa3 55. Qe1 Be7 56. h4 g6 57. Kg2 Bd6 58. Kf1 Qa6 59. Kg2 Be7 60. Kg1 Bf6
61. Kg2 Qa7 62. Qe3 Qa6 63. Qe1 Bg7 64. Kg1 Bf6 65. Kg2 Bd8 66. Kg1 Bc7 67. Kg2
Qa2 68. Kg1 Qa4 69. Kg2 Bd6 70. Kg1 h5 71. Kg2 Qa3 72. Kg1 Kc6 73. Kg2 Kd7 74.
Kg1 Qa6 75. Kg2 Bb8 76. Kg1 Bc7 77. Kg2 Ke7 78. Kg1 Kd7 79. Kg2 Ke7 80. Kg1 Kd7 1/2-1/2

[Event "ch-NED w 2013"]
[Site "Amsterdam NED"]
[Date "2013.07.08"]
[Round "4.3"]
[White "Schut, Lisa"]
[Black "Paulet, Iozefina"]
[Result "1-0"]
[WhiteTitle "WIM"]
[BlackTitle "WGM"]
[WhiteElo "2277"]
[BlackElo "2228"]
[WhiteFideId "1019481"]
[BlackFideId "1213261"]
[EventDate "2013.07.05"]

1. e4 c5 2. Nf3 d6 3. d4 cxd4 4. Nxd4 Nf6 5. Nc3 a6 6. h3 g6 7. g4 Bg7 8. Bg2
O-O 9. Be3 Nbd7 10. O-O Ne5 11. Qe2 Be6 12. Nxe6 fxe6 13. f4 Nc6 14. Rad1 e5 15.
f5 Rc8 16. g5 Nh5 17. Qg4 Nf4 18. Nd5 Qe8 19. Qh4 gxf5 20. exf5 Qh5 21. Rxf4
Qxd1+ 22. Rf1 Qe2 23. Bf3 Qb5 24. Nc3 Qxb2 25. Bd5+ Rf7 26. Bxf7+ Kxf7 27. Qc4+
Ke8 28. f6 Bf8 29. Qe6 Rb8 30. fxe7 Bxe7 31. Nd5 Qxc2 32. Nf6+ Kf8 33. Qg8# 1-0

[Event "ch-NED w 2013"]
[Site "Amsterdam NED"]
[Date "2013.07.08"]
[Round "4.4"]
[White "Haast, Anne"]
[Black "Peng, Zhaoqin"]
[Result "0-1"]
[WhiteTitle "WIM"]
[BlackTitle "GM"]
[WhiteElo "2277"]
[BlackElo "2389"]
[WhiteFideId "1017292"]
[BlackFideId "1004786"]
[EventDate "2013.07.05"]

1. e4 e6 2. d4 d5 3. Nc3 Nf6 4. Bg5 Be7 5. e5 Nfd7 6. h4 Nc6 7. Qg4 f6 8. Bf4
fxe5 9. dxe5 O-O 10. Qg3 Nd4 11. O-O-O Nf5 12. Qh2 Bb4 13. Nce2 c5 14. Nf3 Nb6
15. g4 Ne7 16. Ng5 Nc4 17. Qg3 Qb6 18. Qb3 Ng6 19. Bg3 h6 20. Nf3 Bd7 21. Bg2
Ba4 22. Qxa4 Bd2+ 23. Rxd2 Qxb2+ 24. Kd1 Qa1+ 25. Nc1 Nb2+ 0-1

[Event "ch-NED w 2013"]
[Site "Amsterdam NED"]
[Date "2013.07.09"]
[Round "5.2"]
[White "Bensdorp, Marlies"]
[Black "Lanchava, Tea"]
[Result "1-0"]
[WhiteTitle "WIM"]
[BlackTitle "IM"]
[WhiteElo "2263"]
[BlackElo "2287"]
[WhiteFideId "1009311"]
[BlackFideId "1005308"]
[EventDate "2013.07.05"]

1. d4 b6 2. c4 Bb7 3. Nc3 e6 4. Nf3 f5 5. g3 Nf6 6. Bg2 Bb4 7. Qc2 O-O 8. O-O
Ne4 9. Ng5 Nd6 10. Bxb7 Nxb7 11. a3 Be7 12. Nf3 d5 13. cxd5 exd5 14. Bf4 g5 15.
Be5 c6 16. Nd1 g4 17. Ne1 Bd6 18. Nd3 Qe8 19. Ne3 Na6 20. f3 Nac5 21. fxg4 Nxd3
22. exd3 fxg4 23. Nxg4 Bxe5 24. dxe5 Qe6 25. Nf6+ Kh8 26. d4 Rf7 27. Rf4 Rc8 28.
Rh4 Qe7 29. Rf1 Rg7 30. Rf5 Rf8 31. Rfh5 Rff7 32. Qxc6 Nd8 33. Qe8+ Qxe8 34.
Nxe8 Rg6 35. Nf6 Rgg7 36. Nxd5 Ne6 37. Nf6 Ng5 38. Kg2 Rc7 39. Kf2 Rg6 40. Ke3
Re7 41. Rg4 Rxf6 42. Rhxg5 1-0

[Event "ch-NED w 2013"]
[Site "Amsterdam NED"]
[Date "2013.07.09"]
[Round "5.3"]
[White "Paulet, Iozefina"]
[Black "Haast, Anne"]
[Result "0-1"]
[WhiteTitle "WGM"]
[BlackTitle "WIM"]
[WhiteElo "2228"]
[BlackElo "2277"]
[WhiteFideId "1213261"]
[BlackFideId "1017292"]
[EventDate "2013.07.05"]

1. e4 c5 2. Nc3 Nc6 3. Nf3 e6 4. d4 cxd4 5. Nxd4 Qc7 6. Be3 a6 7. Be2 Nf6 8. O-O
Bb4 9. Na4 Be7 10. Nxc6 bxc6 11. Nb6 Rb8 12. Nxc8 Qxc8 13. e5 Nd5 14. Bd4 c5 15.
c4 cxd4 16. cxd5 Rxb2 17. Rc1 Qb8 18. d6 Bg5 19. f4 Bd8 20. Rb1 O-O 21. Bxa6 Ba5
22. a4 Bd2 23. Bb5 Rxb1 24. Qxb1 Qa7 25. f5 g6 26. f6 Rc8 27. h4 Rc3 28. Bd3 Rc5
29. Kh1 Rxe5 30. Qc2 Bc3 31. Rb1 Qa8 32. Qb3 Re1+ 33. Rxe1 Bxe1 34. Qb6 Bxh4 35.
a5 Bxf6 36. a6 Qf8 37. Qb1 Qh6+ 38. Kg1 Bg5 39. Kf1 Qh1+ 40. Kf2 Be3+ 41. Kg3
Qh6 42. Qf1 f5 43. Bxf5 gxf5 44. Qf3 Qg5+ 45. Kh3 Qg4+ 0-1

[Event "ch-NED w 2013"]
[Site "Amsterdam NED"]
[Date "2013.07.09"]
[Round "5.4"]
[White "Peng, Zhaoqin"]
[Black "Middelveld, Martine"]
[Result "1-0"]
[WhiteTitle "GM"]
[WhiteElo "2389"]
[BlackElo "2130"]
[WhiteFideId "1004786"]
[BlackFideId "1016555"]
[EventDate "2013.07.05"]

1. d4 e6 2. c4 Nf6 3. Nf3 b6 4. g3 Bb7 5. Bg2 Be7 6. O-O O-O 7. Nc3 Ne4 8. Bd2
Nxc3 9. Bxc3 d5 10. Qc2 Nd7 11. Rfd1 Nf6 12. Ne5 Qc8 13. Rac1 c5 14. dxc5 bxc5
15. e3 Qc7 16. Qe2 Rfd8 17. Ng4 Ne8 18. cxd5 exd5 19. e4 d4 20. Bxd4 Qa5 21. Bc3
Qxa2 22. Ne3 Qe6 23. Qc4 Qxc4 24. Nxc4 Ba6 25. Na5 Rxd1+ 26. Rxd1 Rd8 27. Ra1
Be2 28. Nc6 Rd7 29. Nxa7 f6 30. Nc6 Bd6 31. f4 c4 32. Kf2 Bd3 33. Bd4 Bc7 34.
Ra8 Kf7 35. e5 fxe5 36. fxe5 Bf5 37. Ke3 g6 38. Bf3 Ng7 39. g4 Bd3 40. Nb4 Ne6
41. Bd5 Bd8 42. Bxe6+ Kxe6 43. Ra6+ Ke7 44. Nc6+ Ke8 45. Ra8 1-0

[Event "ch-NED w 2013"]
[Site "Amsterdam NED"]
[Date "2013.07.10"]
[Round "6.1"]
[White "Schut, Lisa"]
[Black "Haast, Anne"]
[Result "1/2-1/2"]
[WhiteTitle "WIM"]
[BlackTitle "WIM"]
[WhiteElo "2277"]
[BlackElo "2277"]
[WhiteFideId "1019481"]
[BlackFideId "1017292"]
[EventDate "2013.07.05"]

1. e4 e5 2. Nf3 Nc6 3. Bb5 a6 4. Ba4 Nf6 5. O-O b5 6. Bb3 Bb7 7. d3 Bc5 8. Nc3
d6 9. a4 b4 10. Nd5 Na5 11. Ba2 b3 12. Nxf6+ Qxf6 13. Bxb3 Nxb3 14. cxb3 O-O 15.
Be3 Bb4 16. a5 Qe7 17. Qc2 Kh8 18. Ra4 c5 19. Bd2 f5 20. Bxb4 fxe4 21. dxe4 cxb4
22. Qe2 d5 23. exd5 Bxd5 24. Qxe5 Qb7 25. Rxb4 Qxb4 26. Qxd5 Rad8 27. Qe6 Rf6
28. Qe5 Qxb3 29. Re1 Rdf8 30. h3 Rf5 31. Qd6 Qxb2 32. Qxa6 Qc3 33. Qe6 Qxa5 34.
Kh2 Qc5 35. Kg1 Rxf3 36. gxf3 Rxf3 37. Re3 Rf8 38. Qe5 Qc2 39. Qg3 Qc5 1/2-1/2